000
00281nam a22001097a 4500
082
_a
922.1 OUT'C
100
_a
CAMPION, C. T
_9
57594
245
_a
OUT OF MY LIFE AND THOUGHT AN AUTOBIOGRAPHY OF ALBERT SCHWEITZER
260
_a
NEWYORK
_b
MENTOR
_c
1961
300
_a
213P
942
_c
BK
999
_c
567865
_d
567865